000 00591nam a22001937a 4500
003 BD-DhJNU
005 20250703051217.0
008 250626b |||||||| |||| 00| 0 eng d
020 _a0861319141
040 _aBD-DhJNU
_bENG
_cBD-DhJNU
_dBD-DhJNU
082 _223
_a954.03 AZI
100 _aAzad, Maulana Abul Kalam
245 _aIndia wins freedom :
_bthe complete version /
_cMaulana Abul Kalam Azad
260 _aNew Delhi :
_bOrient Longman,
_c1988.
300 _axiv, 283 p. :
_bill. ;
_c22 cm.
504 _aincludes index
650 _aPolitics and government
942 _2ddc
_cBK
_n0
999 _c1832
_d1832